000 00372nam a2200145Ia 4500
008 230711s9999||||xx |||||||||||||| ||und||
041 _aENG
082 _a720
_bVE-C
100 _aVenturi Robert
245 0 _aComplexity and contradiction in Architecture
250 _a1st Ed.
260 _c1988
_aNew York
_bButterworth-Heinemann Ltd
650 _aArchitecture
942 _cBK
999 _c313
_d313